000 01264cam a22002295a 4500
008 240402s2023 xxk f 001 0 eng d
020 _a9781915976031
041 0 _aeng
110 2 _aBuilding Cost Information Service
245 0 0 _aBCIS Dilapidations price book
_b2024
250 _a10th
260 _aLondon
_bBCIS
_c2023
300 _a332p
_c21cm.
350 _a205
520 _aProvides cost data for dilapidations schedules for both residential and non-residential buildings. Aims to save time and minimise disputes associated with costing schedules of dilapidations. Helps in the application of the BCIS Building Maintenance Price Book, and other estimating price books. Provides supplementary pricing information to help practitioners where changes are needed to reflect local market conditions. The data contained in the price book relates primarily to items of removal, repair, cleaning, reinstatement, new building works or decoration for residential, commercial and industrial property. It is set out in accordance with the RICS New rules of measurement.
520 _aSupersedes 9th ed ISBN 9781783214211
521 _aAdvanced
650 _aPrice books
651 4 _aUnited Kingdom
690 _aDilapidations
_96235
942 _n0
999 _c121875
_d121875